| 000 | 01956cam a22004574i 4500 | ||
|---|---|---|---|
| 003 | PE-LiUPU | ||
| 005 | 20250731173231.0 | ||
| 008 | 1981s1981 sp a rb 000 0 spa d | ||
| 020 | _a8425412137 | ||
| 035 | _aPE-LiUPU20149 | ||
| 040 |
_aPE-LiUPU _bspa _cPE-LiUPU _erda |
||
| 082 | 0 | 4 |
_a259.23 _bP979e _223 |
| 100 |
_aPujadas, José María, _eautor. _95831 |
||
| 245 | 1 | 0 |
_aEncuentros de promoción juvenil : _bguía para la organización de encuentros de promoción juvenil y grupos juveniles cristianos / _cJosé María Pujadas |
| 250 | _aSegunda edición revisada y ampliada. | ||
| 264 | 1 |
_aBarcelona : _bEditorial Herder, _c1981. |
|
| 300 |
_a385 páginas ; _c21 cm |
||
| 336 |
_atext _2rdacontent |
||
| 337 |
_aunmediated _2rdamedia |
||
| 338 |
_avolume _2rdacarrier |
||
| 504 | _aIncluye referencias bibliográficas. | ||
| 505 | 0 | _aTemario general del encuentro -- Tarde de entrada: Actividades -- Primer día de encuentro: Actividades -- Actividades y dinámicas de grupo del primer día -- Segundo día de encuentro: Actividades -- Actividades y dinámicas de grupo del segundo día -- Tercer día de encuentro: Actividades -- Actividades y dinámicas de grupo del tercer día -- Tres temas opcionales del encuentro de promoción juvenil -- Los tres tiempos de los encuentros de promoción juvenil -- Parte cuarta -- Apéndice | |
| 526 | _aSEG42 | ||
| 526 | _aSEG41 | ||
| 526 | _aSEG40 | ||
| 526 | _aSEG39 | ||
| 526 | _aP94 | ||
| 526 | _aP87 | ||
| 526 | _aP86 | ||
| 526 | _aP85 | ||
| 526 | _aP77 | ||
| 526 | _aP76 | ||
| 526 | _aP35 | ||
| 650 | 1 | 0 |
_aPastoral juvenil _xActividades grupales _95832 |
| 650 | 1 | 0 |
_aIglesia y jóvenes _xOrientación religiosa. _95833 |
| 700 |
_aJubany Arnau, Narciso, _eprefacio. _95834 |
||
| 700 |
_aRodríguez Quirós, Carlos H., _eprólogo. _95835 |
||
| 942 |
_2ddc _cBK |
||
| 980 |
_81 _gALBERTO SANCHEZ Responsable de Automatización |
||
| 999 |
_c42392 _d42392 |
||